[Event "Florianopolis op 10th"]
[Site "Florianopolis"]
[Date "2024.01.27"]
[Round "9"]
[White "Vieira, Jose Renato Braga S"]
[Black "Silva, Henrique Brasil Bar"]
[Result "1/2-1/2"]
[WhiteElo "1839"]
[BlackElo "1590"]
[PlyCount "94"]
[EventDate "2024.01.20"]
[EventType "swiss"]
[EventRounds "10"]
[EventCountry "BRA"]
[SourceTitle "CB05_2024"]
[SourceDate "2024.01.31"]
[SourceVersion "1"]
[SourceVersionDate "2024.01.31"]
[SourceQuality "1"]

1. d4 d5 2. c4 c6 3. Nf3 a6 4. Nc3 Nf6 5. Bf4 b5 6. cxd5 cxd5 7. e3 e6 8. Bd3 Nc6 9. 0-0 Be7 10. Rc1 Bd7 11. e4 Nb4 12. Bb1 Nh5 13. Be3 Nf6 14. a3 dxe4 15. Ne5 Nbd5 16. Nxe4 Nxe4 17. Bxe4 Rc8 18. Qh5 g6 19. Qh6 Bf8 20. Qh3 Rxc1 21. Rxc1 Bg7 22. Bh6 Bxh6 23. Qxh6 Rf8 24. Qxh7 Nf6 25. Qh4 g5 26. Qxg5 Nxe4 27. Qh6 Qg5 28. Qxg5 Nxg5 29. Rc7 f6 30. Nxd7 Rf7 31. h4 Ne4 32. f3 Nd6 33. Nxf6+ Rxf6 34. Rc6 Kd7 35. Rxa6 Rh6 36. g3 Rh5 37. Kf2 Ke7 38. a4 bxa4 39. Rxa4 Rb5 40. b4 Nf5 41. Ra5 Rxb4 42. d5 Rb2+ 43. Kg1 exd5 44. Rxd5 Nxg3 45. Rg5 Ne2+ 46. Kf2 Nd4+ 47. Ke3 Nxf3 1/2-1/2

[Event "Florianopolis op 10th"]
[Site "Florianopolis"]
[Date "2024.01.23"]
[Round "5"]
[White "Vieira, Jose Renato Braga S"]
[Black "Caetano, Heitor Luiz"]
[Result "1-0"]
[WhiteElo "1839"]
[BlackElo "1431"]
[PlyCount "35"]
[EventDate "2024.01.20"]
[EventType "swiss"]
[EventRounds "10"]
[EventCountry "BRA"]
[SourceTitle "CB05_2024"]
[SourceDate "2024.01.31"]
[SourceVersion "1"]
[SourceVersionDate "2024.01.31"]
[SourceQuality "1"]

1. e4 c6 2. d4 d5 3. f3 e6 4. Nc3 dxe4 5. fxe4 Nf6 6. Nf3 Be7 7. Bd3 c5 8. dxc5 Bxc5 9. Bg5 Be7 10. Qe2 Nc6 11. 0-0-0 Qc7 12. e5 Nd7 13. Bxe7 Nxe7 14. Nb5 Qa5 15. Nd6+ Kf8 16. Kb1 Nc5 17. Ng5 Nxd3 18. Rxd3 1-0

[Event "Florianopolis op 10th"]
[Site "Florianopolis"]
[Date "2024.01.22"]
[Round "4"]
[White "Spagnollo, Pedro Henrique"]
[Black "Vieira, Jose Renato Braga S"]
[Result "1-0"]
[WhiteElo "1445"]
[BlackElo "1839"]
[PlyCount "121"]
[EventDate "2024.01.20"]
[EventType "swiss"]
[EventRounds "10"]
[EventCountry "BRA"]
[SourceTitle "CB05_2024"]
[SourceDate "2024.01.31"]
[SourceVersion "1"]
[SourceVersionDate "2024.01.31"]
[SourceQuality "1"]

1. e4 c5 2. Nc3 e6 3. Bc4 Ne7 4. f4 d5 5. Bb5+ Nbc6 6. d3 a6 7. Bxc6+ Nxc6 8. Nf3 Be7 9. 0-0 0-0 10. a4 d4 11. Ne2 Qc7 12. Bd2 b6 13. h3 Bb7 14. g4 f5 15. g5 e5 16. exf5 Rxf5 17. Ng3 Rff8 18. f5 e4 19. Nxe4 Rxf5 20. Nh4 Rxf1+ 21. Qxf1 Rf8 22. Qg2 c4 23. Qg4 Ne5 24. Qe6+ Kh8 25. Rf1 Rxf1+ 26. Kxf1 Bc8 27. Qd5 Bxh3+ 28. Ke2 cxd3+ 29. cxd3 Bg4+ 30. Kf1 Nxd3 31. Qxd4 Bh3+ 32. Ke2 Nc5 33. Bc3 Ne6 34. Qe3 Qc4+ 35. Kd2 Bg4 36. Nf6 Qf4 37. Qxf4 Nxf4 38. Nxg4 Bxg5 39. Nf3 Nh3+ 40. Nxg5 Nxg5 41. Ke3 h5 42. Nf2 Kg8 43. Kf4 Ne6+ 44. Kg3 Nc5 45. a5 bxa5 46. Bxa5 Kf7 47. Bb6 Na4 48. Bd4 g5 49. b3 Ke6 50. bxa4 Kd5 51. Bb6 Ke5 52. Nh3 Kf5 53. Nf2 g4 54. a5 Kg5 55. Be3+ Kf5 56. Kh4 Ke5 57. Kxh5 g3 58. Nh3 Ke4 59. Bg1 Kf3 60. Kh4 g2 61. Bb6 1-0

[Event "Sao Jose dos Campos op"]
[Site "Sao Jose dos Campos"]
[Date "2023.05.27"]
[Round "3"]
[White "Silva, Henrique Brasil Bar"]
[Black "Vieira, Jose Renato Braga S"]
[Result "1/2-1/2"]
[WhiteElo "1413"]
[BlackElo "1819"]
[PlyCount "73"]
[EventDate "2023.05.26"]
[EventType "swiss"]
[EventRounds "5"]
[EventCountry "BRA"]
[SourceTitle "CBM 214 Extra"]
[Source "ChessBase"]
[SourceDate "2023.07.31"]
[SourceVersion "1"]
[SourceVersionDate "2023.07.31"]
[SourceQuality "1"]

1. e4 c5 2. Nc3 e6 3. g3 d5 4. Bg2 d4 5. Nce2 e5 6. d3 Bd6 7. Nf3 Nc6 8. 0-0 Nge7 9. a4 f6 10. Nd2 Be6 11. b3 Qd7 12. Nc4 Bc7 13. f4 Bh3 14. Rf2 Bxg2 15. Kxg2 h5 16. h3 exf4 17. Bxf4 0-0-0 18. Bxc7 Qxc7 19. Nf4 f5 20. Ne6 Qd7 21. Nxd8 Kxd8 22. Qf3 fxe4 23. dxe4 Qe6 24. Qf4 Kd7 25. Raf1 Rh6 26. Re1 Rf6 27. Qd2 Rg6 28. Rf4 Ne5 29. Nxe5+ Qxe5 30. Rf3 h4 31. g4 Rf6 32. Qd3 Ng6 33. Rxf6 Qxf6 34. Qf3 Nf4+ 35. Kh1 Qe5 36. Rf1 g5 37. Rb1 1/2-1/2

[Event "Florianopolis op 9th"]
[Site "Florianopolis"]
[Date "2023.01.28"]
[Round "8"]
[White "Vieira, Jose Renato Braga S"]
[Black "Lopes, Leonardo Borges"]
[Result "1/2-1/2"]
[WhiteElo "1828"]
[BlackElo "1635"]
[PlyCount "70"]
[EventDate "2023.01.23"]
[EventType "swiss"]
[EventRounds "10"]
[EventCountry "BRA"]
[SourceTitle "CBM 212 Extra"]
[Source "ChessBase"]
[SourceDate "2023.03.31"]
[SourceVersion "1"]
[SourceVersionDate "2023.03.31"]
[SourceQuality "1"]

1. e4 c5 2. Nf3 d6 3. d4 cxd4 4. Qxd4 Nc6 5. Bb5 Bd7 6. Bxc6 Bxc6 7. Nc3 Nf6 8. Bg5 e6 9. 0-0-0 Be7 10. h4 Qc7 11. g4 b6 12. Qc4 0-0-0 13. Nd4 Kb7 14. f3 h6 15. Be3 d5 16. Qxc6+ Qxc6 17. Nxc6 Kxc6 18. exd5+ Nxd5 19. Nxd5 Rxd5 20. Rxd5 Kxd5 21. Rd1+ Kc6 22. h5 e5 23. c4 Rd8 24. Rxd8 Bxd8 25. Kc2 Be7 26. Kd3 Bc5 27. Bd2 Bd4 28. b4 b5 29. Bc3 bxc4+ 30. Kxc4 Bxc3 31. Kxc3 Kd5 32. a4 g6 33. Kd3 gxh5 34. gxh5 f5 35. Kc3 e4 1/2-1/2

[Event "Florianopolis op 9th"]
[Site "Florianopolis"]
[Date "2023.01.26"]
[Round "5"]
[White "Fernandes Filho, Bergson Fragoso"]
[Black "Vieira, Jose Renato Braga S"]
[Result "1-0"]
[WhiteElo "2113"]
[BlackElo "1828"]
[PlyCount "55"]
[EventDate "2023.01.23"]
[EventType "swiss"]
[EventRounds "10"]
[EventCountry "BRA"]
[SourceTitle "CBM 212 Extra"]
[Source "ChessBase"]
[SourceDate "2023.03.31"]
[SourceVersion "1"]
[SourceVersionDate "2023.03.31"]
[SourceQuality "1"]

1. e4 c5 2. Nf3 d6 3. Bb5+ Bd7 4. a4 Nc6 5. 0-0 g6 6. c3 Nf6 7. Re1 Bg7 8. h3 0-0 9. d4 a6 10. Bxc6 Bxc6 11. d5 Bd7 12. e5 dxe5 13. Nxe5 Bf5 14. c4 Nd7 15. Nxd7 Qxd7 16. Nc3 h5 17. a5 Qc7 18. Bg5 Rfe8 19. Qd2 Rad8 20. Na4 Be5 21. Nb6 f6 22. Be3 e6 23. Rac1 Qe7 24. f3 Bc7 25. g4 hxg4 26. hxg4 exd5 27. gxf5 dxc4 28. Qg2 1-0

[Event "Taubate op 3rd"]
[Site "Taubate"]
[Date "2022.12.02"]
[Round "2"]
[White "Miquelin, Nicolas Seoane"]
[Black "Vieira, Jose Renato Braga S"]
[Result "1-0"]
[WhiteElo "2069"]
[BlackElo "1833"]
[PlyCount "136"]
[EventDate "2022.12.01"]
[EventType "swiss"]
[EventRounds "6"]
[EventCountry "BRA"]
[SourceTitle "CBM 211 Extra"]
[Source "ChessBase"]
[SourceDate "2023.01.31"]
[SourceVersion "1"]
[SourceVersionDate "2023.01.31"]
[SourceQuality "1"]

1. c4 e5 2. Nc3 Nf6 3. g3 d5 4. cxd5 Nxd5 5. Bg2 Be6 6. Nf3 Nc6 7. 0-0 Be7 8. d4 exd4 9. Nxd4 Nxd4 10. Qxd4 Bf6 11. Qa4+ c6 12. Nxd5 Bxd5 13. Rd1 b5 14. Qc2 Qc8 15. e4 Bc4 16. e5 Be7 17. b3 Bd5 18. Bxd5 cxd5 19. Qd3 0-0 20. Qxb5 Rd8 21. Be3 Qe6 22. Bd4 h5 23. Rac1 h4 24. Rc6 Qg4 25. Qd3 Rac8 26. Rdc1 h3 27. f3 Rxc6 28. Rxc6 Qd7 29. Qc2 Bb4 30. e6 Qe7 31. Qf5 fxe6 32. Rxe6 Qc7 33. Qxh3 Qc1+ 34. Qf1 Qd2 35. Qf2 Qd1+ 36. Kg2 Rc8 37. Re2 Rc1 38. Kh3 Rc6 39. Kg2 Rc1 40. Bxa7 Bc3 41. Be3 Rb1 42. Kh3 d4 43. Bg5 Qd3 44. g4 Qg6 45. Bf4 d3 46. Re4 Qh7+ 47. Qh4 Qxh4+ 48. Kxh4 d2 49. Bxd2 Bxd2 50. g5 Kf7 51. Rd4 Rb2 52. f4 Bc1 53. Ra4 Rxh2+ 54. Kg4 g6 55. Ra7+ Ke6 56. Ra6+ Kf7 57. Ra7+ Ke6 58. Rg7 Rg2+ 59. Kf3 Rxa2 60. Rxg6+ Ke7 61. Kg4 Rg2+ 62. Kf5 Rf2 63. Re6+ Kf7 64. Re4 Rb2 65. g6+ Kf8 66. Kf6 Rg2 67. f5 Bb2+ 68. Ke6 Kg7 1-0

[Event "Sao Jose dos Campos op"]
[Site "Sao Jose dos Campos"]
[Date "2022.09.08"]
[Round "1"]
[White "Guimaraes, Eduardo Victor"]
[Black "Vieira, Jose Renato Braga S"]
[Result "0-1"]
[WhiteElo "1800"]
[BlackElo "1800"]
[PlyCount "56"]
[EventDate "2022.09.08"]
[EventType "swiss"]
[EventRounds "7"]
[EventCountry "BRA"]
[SourceTitle "CBM 210 Extra"]
[Source "ChessBase"]
[SourceDate "2022.11.30"]
[SourceVersion "1"]
[SourceVersionDate "2022.11.30"]
[SourceQuality "1"]

1. e4 e5 2. Nf3 Nc6 3. Bc4 Bc5 4. c3 Nf6 5. d3 a6 6. 0-0 d6 7. Bb3 Bg4 8. h3 Bh5 9. Nbd2 Qd7 10. Re1 g5 11. Nf1 g4 12. hxg4 Qxg4 13. Ne3 Bxe3 14. Rxe3 Rg8 15. Qf1 Qf4 16. Bd1 0-0-0 17. Nh2 Qh4 18. Bxh5 Nxh5 19. Rf3 f5 20. Rxf5 Ne7 21. Bg5 Rxg5 22. Nf3 Nxf5 23. Nxh4 Nxh4 24. g3 Nf3+ 25. Kh1 Rxg3 26. Qd1 Rh3+ 27. Kg2 Nf4+ 28. Kf1 Rh1# 0-1

[Event "Mombaca op 6th"]
[Site "Mombaca"]
[Date "2022.08.21"]
[Round "6"]
[White "Vieira, Jose Renato Braga S"]
[Black "Lage, Pedro Ferreira"]
[Result "0-1"]
[WhiteElo "1782"]
[BlackElo "2119"]
[PlyCount "46"]
[EventDate "2022.08.19"]
[EventType "swiss"]
[EventRounds "6"]
[EventCountry "BRA"]
[SourceTitle "CBM 210 Extra"]
[Source "ChessBase"]
[SourceDate "2022.11.30"]
[SourceVersion "1"]
[SourceVersionDate "2022.11.30"]
[SourceQuality "1"]

1. e4 c5 2. Nf3 e6 3. d4 cxd4 4. Nxd4 Nf6 5. Nc3 Nc6 6. Be3 Bb4 7. Bd3 d5 8. exd5 Nxd5 9. Nxc6 bxc6 10. Bd2 Nxc3 11. bxc3 Be7 12. Qf3 0-0 13. 0-0 Qd5 14. Qh3 g6 15. c4 Qc5 16. Be3 Qa5 17. Be4 Ba6 18. Bxc6 Rac8 19. Bd7 Rxc4 20. Bh6 Rh4 21. Qe3 Qc7 22. g3 Rxh6 23. Qxh6 Bxf1 0-1

[Event "Mombaca op 6th"]
[Site "Mombaca"]
[Date "2022.08.20"]
[Round "3"]
[White "Vieira, Jose Renato Braga S"]
[Black "Cunha, Jose Rodolfo Stutz"]
[Result "1/2-1/2"]
[WhiteElo "1782"]
[BlackElo "1800"]
[PlyCount "99"]
[EventDate "2022.08.19"]
[EventType "swiss"]
[EventRounds "6"]
[EventCountry "BRA"]
[SourceTitle "CBM 210 Extra"]
[Source "ChessBase"]
[SourceDate "2022.11.30"]
[SourceVersion "1"]
[SourceVersionDate "2022.11.30"]
[SourceQuality "1"]

1. e4 c5 2. Nf3 d6 3. d4 cxd4 4. Qxd4 Nc6 5. Bb5 Bd7 6. Bxc6 Bxc6 7. Nc3 Nf6 8. Bg5 e6 9. 0-0-0 Be7 10. Rhe1 0-0 11. e5 dxe5 12. Qxe5 Qb6 13. Nd4 Rfe8 14. f3 Nd7 15. Qe3 Bxg5 16. Qxg5 Reb8 17. Nxc6 Qxc6 18. Qe7 Nf6 19. Rd6 Qe8 20. Qc7 a6 21. g4 Qf8 22. Qb6 Rd8 23. Red1 Rxd6 24. Rxd6 h6 25. Rd4 Qc8 26. h4 Qc6 27. Qxc6 bxc6 28. Ne4 Nxe4 29. Rxe4 Kf8 30. Rc4 Rc8 31. Ra4 Ra8 32. b4 Ke7 33. c4 Kd6 34. b5 cxb5 35. cxb5 Rc8+ 36. Kd2 axb5 37. Rd4+ Kc6 38. a4 bxa4 39. Rxa4 Kd6 40. Rd4+ Ke7 41. h5 Rd8 42. Ke3 Rxd4 43. Kxd4 Kd6 44. Kc4 f6 45. Kd4 e5+ 46. Ke4 Ke6 47. f4 exf4 48. Kxf4 Ke7 49. Ke4 Ke6 50. Kf4 1/2-1/2

[Event "Florianopolis op 8th"]
[Site "Florianopolis"]
[Date "2022.01.28"]
[Round "7"]
[White "Vieira, Jose Renato Braga S"]
[Black "Albiero, Marco Antonio Batis"]
[Result "1/2-1/2"]
[WhiteElo "1805"]
[BlackElo "1536"]
[PlyCount "73"]
[EventDate "2022.01.24"]
[EventType "swiss"]
[EventRounds "10"]
[EventCountry "BRA"]
[SourceTitle "EXT 2023"]
[Source "ChessBase"]
[SourceDate "2022.10.05"]
[SourceVersion "1"]
[SourceVersionDate "2022.10.05"]
[SourceQuality "1"]

1. d4 d5 2. c4 e6 3. Nc3 Nf6 4. g3 Be7 5. Bg2 c6 6. Nf3 0-0 7. 0-0 b6 8. Ne5 Bb7 9. Qc2 Nbd7 10. e4 c5 11. Nxd7 Qxd7 12. e5 Ne8 13. dxc5 bxc5 14. cxd5 exd5 15. Rd1 d4 16. Ne4 Rc8 17. b3 f5 18. exf6 Nxf6 19. Qc4+ Kh8 20. Ng5 Bxg2 21. Kxg2 Qd5+ 22. Kg1 Qxc4 23. bxc4 Ng4 24. Ne4 Ne5 25. Nd2 Nf3+ 26. Nxf3 Rxf3 27. Kg2 Rc3 28. Ba3 Rxc4 29. Rac1 Ra4 30. Bb2 Rxa2 31. Bxd4 Rf8 32. Be3 h6 33. Rd7 Bg5 34. Bxc5 Rfxf2+ 35. Bxf2 Bxc1 36. Rxa7 Rxa7 37. Bxa7 1/2-1/2

[Event "Taubate op 2nd"]
[Site "Taubate"]
[Date "2021.12.16"]
[Round "1"]
[White "Vieira, Jose Renato Braga S"]
[Black "Fernandini, Felipe Piacente"]
[Result "1-0"]
[WhiteElo "1861"]
[BlackElo "1315"]
[PlyCount "134"]
[EventDate "2021.12.16"]
[EventType "swiss"]
[EventRounds "6"]
[EventCountry "BRA"]
[SourceTitle "CBM 206 Extra"]
[Source "ChessBase"]
[SourceDate "2022.03.31"]
[SourceVersion "1"]
[SourceVersionDate "2022.03.31"]
[SourceQuality "1"]

1. e4 c5 2. Nf3 d6 3. d4 cxd4 4. Qxd4 e5 5. Bb5+ Nd7 6. Qd3 Ngf6 7. Nc3 Be7 8. Bg5 0-0 9. Bxd7 Bxd7 10. 0-0-0 Be6 11. Bxf6 Bxf6 12. Qxd6 Qa5 13. a3 Rac8 14. Qb4 Qc7 15. Rd2 Be7 16. Qa4 a6 17. Nd5 Bxd5 18. Rxd5 b5 19. Qb3 b4 20. axb4 Bxb4 21. Nxe5 a5 22. Nd3 a4 23. Qxa4 Ra8 24. Qxb4 Ra1+ 25. Kd2 Rxh1 26. h3 Rh2 27. Rc5 Qd6 28. Rg5 Qh6 29. f4 Rh1 30. Qd4 Ra1 31. Nf2 Raa8 32. Ng4 Qxg5 33. fxg5 Rad8 34. Qxd8 Rxd8+ 35. Ke3 Kf8 36. Ne5 Rd1 37. Nd3 Ke7 38. b4 Kd6 39. c4 Rg1 40. b5 Rxg2 41. c5+ Kc7 42. Kd4 Rxg5 43. Nf4 Rg1 44. Nd5+ Kc8 45. c6 Rc1 46. Ke5 h5 47. Kd6 Rd1 48. b6 g5 49. b7+ Kb8 50. Kd7 Rc1 51. Nb4 Rd1+ 52. Ke7 Ra1 53. Kxf7 g4 54. hxg4 hxg4 55. e5 g3 56. e6 g2 57. e7 Rf1+ 58. Ke6 Re1+ 59. Kd6 Rd1+ 60. Nd5 Re1 61. Nf6 Rd1+ 62. Ke6 Re1+ 63. Kf7 g1Q 64. Nd7+ Kc7 65. b8Q+ Kxc6 66. Ne5+ Rxe5 67. Qxe5 Qa7 1-0

[Event "Caxambu op"]
[Site "Caxambu"]
[Date "2020.03.08"]
[Round "5"]
[White "Vieira, Jose Renato Braga S"]
[Black "Medeiros, Thauane Ferreira"]
[Result "0-1"]
[WhiteElo "1880"]
[BlackElo "1946"]
[PlyCount "50"]
[EventDate "2020.03.06"]
[EventType "swiss"]
[EventRounds "6"]
[EventCountry "BRA"]
[SourceTitle "CBM 195 Extra"]
[Source "ChessBase"]
[SourceDate "2020.05.31"]
[SourceVersion "1"]
[SourceVersionDate "2020.05.31"]
[SourceQuality "1"]

1. d4 d5 2. c4 e6 3. Nc3 c6 4. Nf3 Nf6 5. cxd5 exd5 6. Bg5 Be7 7. Qc2 g6 8. e3 Bf5 9. Bd3 Bxd3 10. Qxd3 0-0 11. h4 Nbd7 12. Bh6 Re8 13. Ng5 Ng4 14. Nxf7 Kxf7 15. Bf4 Kg7 16. f3 Bxh4+ 17. Kd2 Nf2 18. Qc2 Nxh1 19. Rxh1 Bg5 20. Ne2 Bxf4 21. Nxf4 Qg5 22. Qb3 Nb6 23. Kc1 Nc4 24. Qxb7+ Qe7 25. Qxc6 Qxe3+ 0-1

[Event "Caxambu op"]
[Site "Caxambu"]
[Date "2020.03.07"]
[Round "4"]
[White "Guimaraes, Wagner Peixoto"]
[Black "Vieira, Jose Renato Braga S"]
[Result "1-0"]
[WhiteElo "2223"]
[BlackElo "1880"]
[PlyCount "107"]
[EventDate "2020.03.06"]
[EventType "swiss"]
[EventRounds "6"]
[EventCountry "BRA"]
[SourceTitle "CBM 195 Extra"]
[Source "ChessBase"]
[SourceDate "2020.05.31"]
[SourceVersion "1"]
[SourceVersionDate "2020.05.31"]
[SourceQuality "1"]

1. d4 Nf6 2. c4 e6 3. Nc3 d5 4. Nf3 Be7 5. Bf4 c6 6. e3 0-0 7. c5 b6 8. b4 a5 9. a3 Ba6 10. Bxa6 Nxa6 11. Ne5 Qc8 12. Rb1 axb4 13. axb4 b5 14. 0-0 Nd7 15. Nd3 Re8 16. f3 Bf6 17. Ne5 Nxe5 18. dxe5 Be7 19. Ne2 Nb8 20. Bg3 Ra4 21. Nd4 Na6 22. Be1 Qb7 23. f4 Bf8 24. Qg4 g6 25. h4 h5 26. Qf3 Kh7 27. g4 hxg4 28. Qxg4 Bh6 29. Rf2 Rg8 30. Rg2 Nb8 31. h5 Qc8 32. Nf3 gxh5 33. Qxh5 Rxg2+ 34. Kxg2 Qg8+ 35. Ng5+ Kg7 36. Bh4 Bxg5 37. Bxg5 Qh7 38. Bf6+ Kg8 39. Rh1 Qe4+ 40. Kg3 Qg6+ 41. Qxg6+ fxg6 42. Rh8+ Kf7 43. Rxb8 Rxb4 44. Rb7+ Kf8 45. Rc7 Rb3 46. Rxc6 Rxe3+ 47. Kg4 Rc3 48. Rc8+ Kf7 49. Rc7+ Kf8 50. Rb7 b4 51. Rxb4 Rxc5 52. Rb8+ Kf7 53. Rb7+ Kg8 54. Kg5 1-0

[Event "Caxambu op"]
[Site "Caxambu"]
[Date "2020.03.06"]
[Round "2"]
[White "Mendes Domingues, Ribeiro Matheus"]
[Black "Vieira, Jose Renato Braga S"]
[Result "0-1"]
[WhiteElo "2157"]
[BlackElo "1880"]
[PlyCount "92"]
[EventDate "2020.03.06"]
[EventType "swiss"]
[EventRounds "6"]
[EventCountry "BRA"]
[SourceTitle "CBM 195 Extra"]
[Source "ChessBase"]
[SourceDate "2020.05.31"]
[SourceVersion "1"]
[SourceVersionDate "2020.05.31"]
[SourceQuality "1"]

1. c4 e5 2. Nc3 f5 3. d4 exd4 4. Qxd4 Nf6 5. Qe5+ Be7 6. Qxf5 d5 7. Qd3 Be6 8. cxd5 Nxd5 9. Qb5+ c6 10. Qxb7 Nb4 11. Bd2 Nd7 12. Nf3 Nc5 13. Qxb4 Nd3+ 14. exd3 Bxb4 15. Be2 0-0 16. 0-0 Bf5 17. d4 Qd6 18. Bc4+ Kh8 19. Be3 Rae8 20. Ne5 Qf6 21. Rac1 Bd6 22. f4 c5 23. dxc5 Bxe5 24. fxe5 Qxe5 25. Bf2 Be6 26. Bxe6 Rxe6 27. Rce1 Qf5 28. Rc1 Ref6 29. b4 h5 30. Nb5 Qd3 31. Nd6 Rxf2 32. Rxf2 Rxf2 33. Kxf2 Qd2+ 34. Kf3 Qxc1 35. Ke4 a5 36. Kd5 Qd2+ 37. Ke6 Qxa2+ 38. Kd7 axb4 39. c6 Qa4 40. Nb7 b3 41. Kd6 b2 42. c7 Qa6+ 43. Ke5 Qxb7 44. g4 Qxc7+ 45. Ke6 hxg4 46. h3 gxh3 0-1

[Event "Sao Joao del Rei op"]
[Site "Sao Joao del Rei"]
[Date "2020.02.08"]
[Round "3"]
[White "Vieira, Jose Renato Braga S"]
[Black "Mourao, Igor AC Lofredo"]
[Result "0-1"]
[WhiteElo "1882"]
[BlackElo "2135"]
[PlyCount "52"]
[EventDate "2020.02.08"]
[EventType "swiss"]
[EventRounds "5"]
[EventCountry "BRA"]
[SourceTitle "CBM 195 Extra"]
[Source "ChessBase"]
[SourceDate "2020.05.31"]
[SourceVersion "1"]
[SourceVersionDate "2020.05.31"]
[SourceQuality "1"]

1. d4 d5 2. c4 dxc4 3. Nf3 Nf6 4. Nc3 c5 5. e3 e6 6. Bxc4 a6 7. a4 Nc6 8. 0-0 Be7 9. Qe2 cxd4 10. Rd1 0-0 11. Nxd4 Qc7 12. e4 Nxd4 13. Rxd4 e5 14. Rd1 h6 15. Be3 Bc5 16. Nd5 Nxd5 17. Bxd5 Bxe3 18. Qxe3 Qe7 19. Qb6 Kh8 20. Rac1 Qg5 21. Bxb7 Rb8 22. Rc7 Bh3 23. g3 Qg4 24. Qb3 Rxb7 25. Rxb7 Qxe4 26. f3 Qe2 0-1

[Event "Florianopolis op 6th"]
[Site "Florianopolis"]
[Date "2020.01.25"]
[Round "9"]
[White "Vieira, Jose Renato Braga S"]
[Black "Dos Anjos, Diovana Ferreira"]
[Result "1-0"]
[WhiteElo "1891"]
[BlackElo "1691"]
[PlyCount "69"]
[EventDate "2020.01.20"]
[EventType "swiss"]
[EventRounds "10"]
[EventCountry "BRA"]
[SourceTitle "CBM 194 Extra"]
[Source "ChessBase"]
[SourceDate "2020.03.31"]
[SourceVersion "1"]
[SourceVersionDate "2020.03.31"]
[SourceQuality "1"]

1. d4 b5 2. e4 Bb7 3. Bd3 e6 4. Nf3 h6 5. Qe2 a6 6. a4 b4 7. c4 c5 8. b3 cxd4 9. Bb2 Nc6 10. Nxd4 Nge7 11. Nd2 Nxd4 12. Bxd4 Nc6 13. Bb2 e5 14. Nf3 Qf6 15. 0-0 Bc5 16. Kh1 0-0 17. Nxe5 Nxe5 18. f4 Qh4 19. Bxe5 d6 20. Bb2 Rae8 21. Rf3 f5 22. Rg3 Rf7 23. e5 Bc8 24. Rf1 Re6 25. Qe1 Bb7 26. Qb1 Be4 27. Bxe4 fxe4 28. Qxe4 dxe5 29. Bxe5 Qh5 30. Qd5 Qe2 31. Rgf3 Rg6 32. g3 Be3 33. Qe4 Re6 34. Qxe3 Rxe5 35. Qxe5 1-0

[Event "Florianopolis op 6th"]
[Site "Florianopolis"]
[Date "2020.01.23"]
[Round "6"]
[White "Niehues, Luiz Cesar"]
[Black "Vieira, Jose Renato Braga S"]
[Result "1-0"]
[WhiteElo "1507"]
[BlackElo "1891"]
[PlyCount "51"]
[EventDate "2020.01.20"]
[EventType "swiss"]
[EventRounds "10"]
[EventCountry "BRA"]
[SourceTitle "CBM 194 Extra"]
[Source "ChessBase"]
[SourceDate "2020.03.31"]
[SourceVersion "1"]
[SourceVersionDate "2020.03.31"]
[SourceQuality "1"]

1. d4 Nf6 2. c4 c5 3. d5 b5 4. cxb5 a6 5. bxa6 Bxa6 6. Nc3 g6 7. g3 Bg7 8. Bg2 d6 9. Nf3 Nbd7 10. 0-0 0-0 11. Re1 Qb6 12. h3 Rfb8 13. Qc2 c4 14. Rb1 Bb7 15. Be3 Qa5 16. Nd4 Nxd5 17. Nxd5 Bxd5 18. Nc6 Bxc6 19. Bxc6 Rxb2 20. Qxc4 Ne5 21. Qe4 Nxc6 22. Qxc6 Rab8 23. Kh2 Qxa2 24. Ra1 Qe6 25. Ra8 d5 26. Qe8+ 1-0